000
00206 a2200097 4500
001
8601
100
_a
Muhammad Sharif Gulzar
245
_a
Ghuzwat-e-Islam
260
_a
_b
Ferozsons
_c
090
_c
6923
_d
6923
942
_a
NUST-CAE
_c
M
_c
33515
999
_c
243674
_d
243674